Veredas do Direito Direito Ambiental e Desenvolvimento Sustentv̀el

Detalles Bibliográficos
Formato: eBook
Lenguaje:español
Publicado: [s.l.] : Escola Superior Dom Helder Cm̀ara, 2004 -
Materias:
Acceso en línea:Acceso restringido

MARC

LEADER 00000nam a22000007a 4500
005 20130710170252.0
007 cr|||| ||||
008 130710c20049999br |||| s|||| 0|||a1spa d
035 |a 11380 
040 |a vLex 
090 |c 4414  |d 4414 
245 0 0 |a Veredas do Direito  |h [Recurso electrn̤ico] :  |b Direito Ambiental e Desenvolvimento Sustentv̀el 
256 |a Servicio en ln̕ea 
260 |a [s.l.] :  |b Escola Superior Dom Helder Cm̀ara,  |c 2004 - 
300 |a 1 recurso electrn̤ico 
310 |a Bianual 
362 |a Nm︢. 1 (2004) -  
506 1 |a Contenido solo disponible en los productos indicados  |d vLex Global  |d vLex Global (Academic Edition, excluding Law Schools)  |d vLex Global (U.S. Academic Edition, Law Schools)  |d vLex Global (U.S. Academic Edition, excluding Law Schools)  |d vLex Global (Academic Edition, Law Schools) 
650 0 4 |a Derecho ambiental  |z Brasil 
740 0 |a vLex Revistas (Servicio en ln̕ea) 
856 4 0 |u http://vlex.com/source/veredas-direito-11380  |z Acceso restringido 
942 |c REV 
999 0 |a Environmental law